| 000 | 00332nam a2200133Ia 4500 | ||
|---|---|---|---|
| 005 | 20251222155158.0 | ||
| 008 | 251222s9999||||xx |||||||||||||| ||spa|| | ||
| 082 | _aSIQ.32 | ||
| 100 | _aARNAO MARCIANI,Jorge. | ||
| 245 | 0 | _aRelación de las drogas con las actitudes sexuales | |
| 250 | _a1ra. ed. | ||
| 264 | _bCedro | ||
| 942 | _cLIB | ||
| 999 |
_c39836 _d39836 |
||